The position of foreign states before national courts : chiefly in continental Europe /

Bibliographic Details
Main Author: Allen, Eleanor Wyllys
Corporate Author: Bureau of International Research of Harvard University and Radcliffe College
Format: Book
Language:English
Published: New York : The Macmillan company, 1933.
Subjects:

MARC

Tag First Indicator Second Indicator Subfields
LEADER 00000cam a2200000 4500
001 in00000068940
005 20151008050851.0
008 730220s1933 nyu b 00000 eng u
010 |a  33031666  
035 |a (OCoLC)00560524 
035 |9 AAG3923AM 
040 |c KSU  |d TXA  |d UtOrBLW 
049 |a TXAM  |c [134255] 
050 0 0 |a JX4173  |b .A62 1933 
092 |a 341  |b A425p 
100 1 |a Allen, Eleanor Wyllys. 
245 1 4 |a The position of foreign states before national courts :  |b chiefly in continental Europe /  |c by Eleanor Wyllys Allen. 
264 1 |a New York :  |b The Macmillan company,  |c 1933. 
300 |a xxii, 354 pages ;  |c 23 cm. 
336 |a text  |b txt  |2 rdacontent 
337 |a unmediated  |b n  |2 rdamedia 
338 |a volume  |b nc  |2 rdacarrier 
500 |a Half-title: Bureau of international research, Harvard university and Radcliffe college. 
504 |a "Table of cases": pages 333-345. 
504 |a Bibliography: pages 309-331. 
650 0 |a International law. 
650 0 |a Jurisdiction  |z Europe. 
650 0 |a Courts  |z Europe. 
710 2 |a Bureau of International Research of Harvard University and Radcliffe College. 
740 0 |a Foreign states before national courts. 
999 |a MARS 
999 f f |s 13452228-2065-3a2a-b11c-7dc9abc34253  |i a03ac04b-f743-3c1c-9421-c1a4b7528506  |t 0 
952 f f |p ric  |a Texas A&M University  |b Rellis Campus  |c Joint Library Facility  |d Remote Storage  |t 0  |e JX4173 .A62 1933  |h Library of Congress classification  |i unmediated -- volume  |m A14800780607 
998 f f |a JX4173 .A62 1933  |t 0  |l Remote Storage